000 00667cam a22002057a 4500
008 180718b2014 xxu||||| |||| 00| 0 eng d
020 _a9780230396371
082 _aT19x51 H86
245 _aChina, India and the end of development models
_cedited by Xiaoming Huang, Alex C. Tan and Sekhar Bandopadhya
260 _aLondon
_bPalgrave
_c2014
300 _a294p.
650 _a
650 _aIndia -- Economic conditions -- 1991-
650 _aChina -- Economic conditions -- 2000-
650 _aEconomic development -- India
650 _aEconomic development -- China
700 _aBandopadhyay, Sekhar
700 _aTan, Alex C.
700 _aHuang, Xiaoming
999 _c444302
_d444302